Arte abstracto y arte figurativo
Salvato in:
| Autore principale: | |
|---|---|
| Natura: | Libro |
| Lingua: | spagnolo |
| Pubblicazione: |
Barcelona
Salvat Editores S. A
1979
|
| Edizione: | 1a. ed |
| Serie: | Biblioteca Salvat de Grandes Temas, 7
|
| Soggetti: | |
| Tags: |
Aggiungi Tag
Nessun Tag, puoi essere il primo ad aggiungerne!!
|
MARC
| LEADER | 00000cam a2200000 a 4500 | ||
|---|---|---|---|
| 001 | UCE0596 | ||
| 003 | CL-VaPUC | ||
| 008 | 140124e19790000sp |||||||||||||||||spa|d | ||
| 082 | 0 | 4 | |a 759.06 |b VIC |2 21 |
| 100 | 0 | |a Vicens, Francesc |e author |9 572962 | |
| 245 | 1 | 0 | |a Arte abstracto y arte figurativo |
| 250 | |a 1a. ed | ||
| 300 | |a 143 p | ||
| 942 | |c BK | ||
| 945 | |d 20140124 15:34:00 |a dcastane | ||
| 260 | |a Barcelona |b Salvat Editores S. A |c 1979 | ||
| 650 | 0 | |a Arte abstracto |9 265105 | |
| 650 | 0 | |a Arte figurativo |9 550558 | |
| 650 | 0 | |a Historia del arte |9 314877 | |
| 583 | |a last modification |c 20140124 15:34:00 |k Rodrigo Vera | ||
| 490 | 0 | |a Biblioteca Salvat de Grandes Temas, 7 | |
| 999 | |c 354665 |d 354663 | ||
| 952 | |0 0 |1 0 |3 erd |4 0 |6 759_060000000000000_VIC_1979 |7 0 |8 A |9 460655 |a BIBART |b BIBART |i 5003431 |l 4 |m 1 |o 759.06 VIC 1979 |p 5003431 |r 2025-03-13 |s 2023-10-26 |w 2019-11-23 |y BK |z Catalogado en:20140124 |k ART | ||